Statystyki dla Metale według łącznej wartości wydobycia

Kliknij tutaj aby rozwiązać quiz!

Ogólne statystyki

  • Ten quiz został rozwiązany 15 658 razy
  • Średni wynik to 8 z 16

Statystyki odpowiedzi

WartośćMetal% Poprawnych
$170 mldZłoto
97%
$91 mldMiedź
85%
$20 mldSrebro
85%
$115 mldŻelazo
85%
$34 mldCynk
56%
$7 mldCyna
52%
$8 mldPlatyna
52%
$22 mldOłów
38%
$4 mldUran
35%
$90 mldGlin
31%
$14 mldTytan
30%
$21 mldNikiel
29%
$3 mldLit
25%
$30 mldMangan
21%
$6 mldPallad
20%
$5 mldMolibden
8%

Rozkład punktacji

Percentyl według liczby udzielonych odpowiedzi

Procent ludzi z każdym wynikiem

Twoja historia wyników

Nie rozwiązałeś tego quizu